000 00878nam a22002177a 4500
999 _c5931
_d5931
003 AR-CdUCM
008 190313b ||||| |||| 00| 0 spa d
040 _aMUNICIPALIDAD PROVINCIAL DEL CUSCO
_cBIBLIOTECA MUNICIPAL DEL CUSCO
082 _a869.508 /
_bS21
100 _aSánchez, Luis Alberto
_9401
245 _aTestimonio personal :
_bMemorias de un peruano del siglo XX /
260 _aLima :
_bVillasan,
_c1969.
300 _aT.2 ;
_c22 cm.
_bFotografía,
500 _aDonación de la familia Nieto
505 _aContenido : T.2 Dijeron "Paz y concordia" -- " ... O el asilo contra la opresión ..." -- "La ciudad junto al río inmóvil" ...
650 _aLiteratura peruana
_97175
650 _aLiteratura latinoamericana
_91143
650 _aLiteratura americana
_912159
942 _2ddc
_cLIBROS
945 _arah